ნორმალური ფორმატი
MARC ფორმატი
ჩანაწერი Personal Name
ჩანაწერთა რაოდენობა, რომელიც გამოყენებულია: 1
001 - CONTROL NUMBER
- control field: 23675
003 - CONTROL NUMBER IDENTIFIER
- control field: GE_BSU
005 - DATE AND TIME OF LATEST TRANSACTION
- control field: 20241113104401.0
008 - FIXED-LENGTH DATA ELEMENTS
- fixed length control field: 241113|| aca||aabn | a|a d
040 ## - CATALOGING SOURCE
- Original cataloging agency: GE_BSU
- Transcribing agency: GE_BSU
100 ## - HEADING--PERSONAL NAME
- Personal name: პარინი, ვ
- Fuller form of name: რედაქციით
670 ## - SOURCE DATA FOUND
- Source citation: Work cat.: (GE_BSU): ცუზმერი, ა.მ. 23674, ადამიანი. ანატომია. ფიზიოლოგია. ჰიგიენა :
